Statistics for Anastasia Broadway Musical Songs

Click here to take the quiz!

General Stats

  • This quiz has been taken 16 times
    (13 since last reset)
  • The average score is 15 of 25

Answer Stats

Answer% Correct
Once Upon a December
100%
In My Dreams
82%
Journey to the Past
82%
The Neva Flows
82%
A Rumor in St. Petersburg
73%
Learn to Do It
73%
Everything to Win
64%
Finale
64%
In a Crowd of Thousands
64%
My Petersburg
64%
Stay I Pray You
64%
Still
64%
Everything to Win Reprise
55%
Once Upon a December Reprise
55%
Paris Holds the Key
55%
Prologue
55%
Quartet at the Ballet
55%
The Countess and the Common Man
55%
We'll Go From There
55%
Close the Door
45%
The Press Conference
45%
Crossing a Bridge
36%
Land of Yesterday
36%
Meant to Be
36%
The Neva Flows Reprise
36%

Score Distribution

Percentile by Number Answered

Percent of People with Each Score

Your Score History

You have not taken this quiz since the last reset